Länder, die an das Rote Meer grenzen - Statistiken

Allgemein
  • Dieses Quiz wurde 166 mal gespielt
    148 seit der letzten Aktualisierung
  • Das Durchschnittsergebnis liegt bei 5 aus 6
Antwortstatistiken
Land % Korrekt
Ägypten
97%
Saudi Arabien
84%
Jemen
79%
Eritrea
75%
Dschibuti
70%
Sudan
64%
Keine übereinstimmenden Quizze gefunden
Verteilung der Resultate
Anzahl Personen mit jedem Resultat
Perzentil nach korrekt beantworteten Fragen
Ihre Resultats-Entwicklung
Sie haben dieses Quiz seit der letzten Aktualisierung nicht gespielt